[Event "Steyr Landesliga 1415"]
[Site "Austria"]
[Date "2014.10.25"]
[Round "3.8"]
[White "Prato, Simon"]
[Black "Pichler, Stefan"]
[Result "1-0"]
[WhiteElo "1707"]
[BlackElo "1357"]
[PlyCount "65"]
[EventDate "2014.09.27"]
[EventType "team-tourn"]
[EventRounds "11"]
[EventCountry "AUT"]
[SourceTitle "EXT 2016"]
[Source "ChessBase"]
[SourceDate "2015.10.08"]
[SourceVersion "1"]
[SourceVersionDate "2015.10.08"]
[SourceQuality "1"]
[WhiteTeam "Graz Schachfreunde"]
[BlackTeam "Horn Ratten Krieglach"]
[WhiteTeamCountry "AUT"]
[BlackTeamCountry "AUT"]

1. e4 e5 2. Nf3 Nc6 3. Bb5 d6 4. d4 exd4 5. Nxd4 Nge7 6. 0-0 Bd7 7. Nc3 Nxd4 8. Qxd4 Bxb5 9. Nxb5 Nc6 10. Qc3 a6 11. Nd4 Ne5 12. Bd2 Be7 13. f4 Nd7 14. Nf5 Bf6 15. e5 dxe5 16. fxe5 Nxe5 17. Rae1 0-0 18. Rxe5 Bxe5 19. Qxe5 f6 20. Qg3 g6 21. Bc3 Qd7 22. Nh4 Qd6 23. Qg4 Qc5+ 24. Kh1 Qg5 25. Qe6+ Kg7 26. Qc4 c6 27. Nf3 Qd5 28. Qf4 Rad8 29. Ng5 Qd6 30. Qh4 h5 31. Ne4 Qe6 32. Nxf6 Qe2 33. Re1 1-0